Chelsea F.C. 25/26 Squad Numbers - Statistics

General Stats
  • This quiz has been taken 30 times
  • The average score is 26 of 27
Answer Stats
Hint Answer % Correct
Robert Sánchez 1
100%
Cole Palmer 10
100%
Jamie Gittens 11
100%
Andrey Santos 17
100%
João Pedro 20
100%
Trevoh Chalobah 23
100%
Reece James 24
100%
Moisés Caicedo 25
100%
Malo Gusto 27
100%
Marc Cucurella 3
100%
Tosin Adarabioyo 4
100%
Roméo Lavia 45
100%
Alejandro Garnacho 49
100%
Benoît Badiashile 5
100%
Levi Colwill 6
100%
Pedro Neto 7
100%
Enzo Fernández 8
100%
Liam Delap 9
100%
Filip Jørgensen 12
96%
Wesley Fofana 29
96%
Josh Acheampong 34
96%
Marc Guiu 38
96%
Estêvão 41
96%
Dário Essugo 14
93%
Jorrel Hato 21
93%
Mamadou Sarr 19
89%
Gabriel Slonina 44
74%
No matching quizzes found
Score Distribution
Percent of People with Each Score
Percentile by Number Answered
Your Score History
You have not taken this quiz